Responses for show #8430 - Friday, June 25, 2021

Last game with Savannah Guthrie as guest host.
Champion's winnings & consolation amounts matched to The Bowery Mission.

Contestants

[<< previous game]

Nikkee Porcaro, an educational consultant and tutor originally from Lebanon, New Jersey

Austin Weiss, a pediatrician from San Diego, California

Arman Ramnath, a law student from Columbus, Ohio (whose 1-day cash winnings total $19,205)

[next game >>]

Jeopardy! Round responses

OUT WEST IN THE U.S.
AROUND THE GARDEN?
THEY ARE QUITE THE CHARACTERS!
SINGING
WHAT ELSE SHOULD "IB"?
ANTHROPOLOGY
    $200 1
the Pac-12

Austin
    $200 6
carrot

Nikkee
    $200 16
(Reese) Witherspoon

Austin
    $200 30
bass

Nikkee
    $200 11
alibi

Austin
    $200 22
DNA

Austin
    $400 2
(Nikkee: What is the Rio Grande?)

the Colorado River

AustinNikkee
    $400 20
(Savannah: But what does it mean?)
[Chuckles]

Rosebud

Austin
    $400 12
Elisabeth Moss

Arman
    $400 28
perfect pitch

Nikkee
    $400 10
filibuster

Arman
    $400 21
the Aztecs

Arman
    $600 3
(Arman: What is [*] Valley?)
[Savannah says nothing.]
(Arman: What is [*]?)

Napa

Arman
    $600 19
small potatoes

Austin
    $600 13
Bardem

Austin
    $600 26
a crooner

Arman
    $600 7
circumscribe

Nikkee
    $600 23
Born to Run

Austin
    $1,000 4
(Savannah: Yes, who is [*] of Lewis and [*] fame.)

(William) Clark

Arman
    $800 18
(Arman: What is par--oh, come on.)
...
(Savannah: Now you remember the song.)

parsley, sage, rosemary & thyme

Arman
Triple Stumper
    $800 14
Dwayne Johnson (The Rock)

Triple Stumper
    $800 27
falsetto

Nikkee
    $800 8
celibacy

Nikkee
    $800 24
the Steppe

Nikkee
    $1000 5
Portland

Austin
    $1000 17
the oak leaf cluster

Triple Stumper
    $1000 15
Connie Britton

Arman
    $1000 29
[Savannah demonstrates it singing, "Yes".]
[Laughter]

vibrato

Austin
    $1000 9
a submersible

Austin
    $1000 25
the Pueblo

Triple Stumper

Scores at the first commercial break (after clue 15):

Arman Austin Nikkee
$3,400 $3,400 $1,200

Scores at the end of the Jeopardy! Round:

Arman Austin Nikkee
$3,600 $6,400 $3,400

Double Jeopardy! Round responses

JOLIE OLD FRANCE
WEATHER SONGS
JOURNALISTS
AMERICAN FACTORY
WORLD LITERATURE
7-LETTER WORDS
    $400 30
Caesar

Austin
    $400 29
an umbrella

Arman
    $400 26
(Arman: What is The Mirror?)

the (New York) Sun

ArmanAustin
    $400 28
(Henry) Ford

Arman
    $400 10
Prince

Nikkee
    $400 5
(Arman: What is, uh... )

a kickoff

ArmanNikkee
    $800 22
England

Austin
    $800 11
Sunshine

Nikkee
    $800 8
Columbia

Triple Stumper
    $800 27
the Saturn V rockets

Triple Stumper
    $1,500 6
Iran

Nikkee
    $800 4
torture

Austin
    $1200 18
the Bastille

Nikkee
    $1200 12
hazy

Arman
    $1200 16
Edward R. Murrow

Arman
    $3,000 21
Boeing

Nikkee
    $1200 7
(Arman: What is Heckle and Jeckle?)

Ivan

Arman
Triple Stumper
    $1200 1
(Austin: What is glacier? What is [*]?)

glacial

Austin
    $1600 19
contract

Nikkee
    $1600 13
November Rain

Austin
    $1600 9
(Cameron) Crowe

Nikkee
    $1600 17
(Arman: What is Caterpillar?)

(John) Deere

ArmanNikkee
    $1600 20
the White Worm

Triple Stumper
    $1600 2
sighted

Triple Stumper
    $2000 23
Pepin

Nikkee
    $2000 14
Mary

Arman
    $2000 15
Charlayne Hunter-Gault

Triple Stumper
    $2000 25
Bausch and Lomb

Nikkee
    $2000 24
Turkey

Austin
    $2000 3
(Arman: What is cruising?)

a ceiling

Arman
Triple Stumper

Scores at the end of the Double Jeopardy! Round:

Arman Austin Nikkee
$3,200 $13,600 $19,500

[wagering suggestions for these scores]

Final Jeopardy! Round responses

NEW YORK CITY
(Savannah: Nearly a mile was lit, making Broadway one of the first electrically lit streets in the nation.)
ArmanWhat is Times Square Crossing?
$3,000
AustinWhat is Broadway?
$700
NikkeeWhat The Miracle Mile
$7,800
the Great White Way

Final scores:

Arman Austin Nikkee
$200 $12,900 $11,700
3rd place: $1,000 New champion: $12,900 2nd place: $2,000

Game dynamics:

Coryat scores:

Arman Austin Nikkee
$3,000 $13,600 $17,000
12 R
(including 1 DD),
6 W
19 R,
0 W
18 R
(including 2 DDs),
1 W

Combined Coryat: $33,600

The J! Archive is created by fans, for fans. The Jeopardy! game show and all elements thereof, including but not limited to copyright and trademark thereto, are the property of Jeopardy Productions, Inc. and are protected under law. This website is not affiliated with, sponsored by, or operated by Jeopardy Productions, Inc. Join the discussion at JBoard.tv.